Formula 1 - least seasons before championship - Statistics

General Stats
  • This quiz has been taken 166 times
  • The average score is 13 of 14
Answer Stats
Seasons before championship Nationality Driver % Correct
4 Germany Sebastian Vettel
99%
2 Argentina Juan Manuel Fangio
98%
2 United Kingdom Lewis Hamilton
98%
4 Germany Michael Schumacher
98%
4 Spain Fernando Alonso
97%
3 Italy Alberto Ascari
95%
1 Italy Giuseppe Farina
95%
2 Canada Jacques Villeneuve
95%
4 United States Phil Hill
91%
3 Brazil Emerson Fittipaldi
90%
4 Brazil Nelson Piquet
90%
3 New Zealand Denny Hulme
84%
4 United Kingdom Jim Clark
83%
4 United Kingdom James Hunt
71%
No matching quizzes found
Score Distribution
Percent of People with Each Score
Percentile by Number Answered
Your Score History
You have not taken this quiz